000 00305nam a2200109Ia 4500
008 200302s9999 xx 000 0 und d
100 _aCapt. Pran Ranjan Prasad and Other
245 _aSafeguarding Heritage A Monumental Glory
260 _bBharatiya Kala Prakahan Delhi
260 _c2008
300 _a123 P.,
999 _c3892
_d3892